Statystyki dla Kraje św. Cesarstwa rzymskiego

Kliknij tutaj aby rozwiązać quiz!

Ogólne statystyki

  • Ten quiz został rozwiązany 1 060 razy
  • Średni wynik to 9 z 12

Statystyki odpowiedzi

HintOdpowiedź% Poprawnych
KrajWłochy
95%
KrajNiemcy
91%
KrajFrancja
90%
KrajAustria
86%
KrajSzwajcaria
80%
KrajCzechy
75%
KrajPolska
74%
KrajBelgia
72%
KrajLuksemburg
63%
KrajLiechtenstein
59%
KrajSłowenia
56%
KrajNiderlandy
21%

Rozkład punktacji

Percentyl według liczby udzielonych odpowiedzi

Procent ludzi z każdym wynikiem

Twoja historia wyników

Nie rozwiązałeś tego quizu